00423cas a22001812a 4500001000900000003001100009008004700020092001500067245004500082300002500127310001200152022001400164260001300178260001300191546001300204942000900217999001500226 000625 AR-FADEU 311216n############xxu####################dd aPP(000)PLA aPlaybill : the national theatre magazine b2001, 20 (1-3, 11).  amensual a0745-9076 bPlaybill aNew York aInglés cPPGR c2534d2534